Countries of the world by population - hard version - Statistics

General Stats
  • This quiz has been taken 319 times
  • The average score is 100 of 196
Answer Stats
Hint Answers % Correct
I India
100%
B Brazil
99%
C China
99%
I Indonesia
99%
U United States
99%
N Nigeria
97%
P Pakistan
97%
R Russia
96%
E Ethiopia
95%
J Japan
95%
B Bangladesh
93%
M Mexico
93%
V Vietnam
91%
F France
90%
G Germany
90%
T Turkey
90%
E Egypt
89%
I Iran
89%
U United Kingdom
89%
D D. R. Congo
88%
P Philippines
88%
T Thailand
84%
K Kenya
82%
I Italy
80%
T Tanzania
80%
S South Africa
79%
Y Yemen
78%
C Colombia
75%
U Uganda
75%
S South korea
73%
A Algeria
72%
P Poland
71%
S Sudan
71%
A Argentina
70%
I Iraq
70%
M Myanmar
70%
U Ukraine
69%
Z Zambia
68%
S Spain
67%
V Venezuela
67%
U Uzbekistan
66%
V Vatican City
66%
T Tuvalu
65%
Z Zimbabwe
65%
A Afghanistan
64%
C Canada
64%
N Nauru
64%
A Angola
63%
P Palau
63%
L Liechtenstein
62%
G Ghana
61%
P Peru
61%
M Malaysia
60%
S San Marino
60%
A Andorra
59%
M Monaco
59%
M Morocco
59%
N Niger
59%
Q Qatar
59%
H Haiti
58%
J Jordan
58%
I Ivory Coast
57%
K Kazakhstan
57%
K Kiribati
57%
M Mozambique
57%
V Vanuatu
57%
T Tonga
56%
A Antigua and Barbuda
55%
D Dominica
55%
H Honduras
55%
M Marshall Islands
55%
S Saint Kitts and Nevis
55%
M Madagascar
54%
S Saint Vincent and the Grenadines
54%
G Grenada
53%
H Hungary
53%
A Australia
52%
F F. S. Micronesia
52%
O Oman
52%
S Saudi Arabia
52%
J Jamaica
51%
S Saint Lucia
51%
U United Arab Emirates
51%
R Romania
50%
B Barbados
49%
C Cameroon
49%
I Israel
49%
F Fiji
48%
N North Korea
48%
R Rwanda
48%
S Samoa
48%
U Uruguay
48%
D Dominican Republic
47%
E Ecuador
47%
F Finland
47%
I Iceland
47%
L Luxembourg
47%
M Mali
47%
K Kosovo
46%
N Nepal
46%
S Seychelles
46%
C Chile
45%
D Denmark
45%
S São Tomé and Príncipe
45%
B Brunei
44%
B Burkina Faso
43%
C Comoros
43%
G Greece
43%
G Guinea
43%
N Netherlands
43%
C Chad
42%
D Djibouti
42%
E Estonia
42%
G Guatemala
42%
B Bahamas
41%
I Ireland
41%
P Portugal
41%
B Belgium
40%
E East Timor
40%
L Latvia
40%
M Malta
40%
S Syria
40%
C Cape Verde
39%
E Eswatini
39%
G Guyana
39%
K Kyrgyzstan
39%
L Lithuania
39%
S Senegal
39%
A Austria
38%
B Belize
38%
T Taiwan
38%
A Azerbaijan
37%
S Sweden
37%
T Tajikistan
37%
T Trinidad and Tobago
37%
B Burundi
36%
C Cambodia
36%
C Czech Republic
36%
N Norway
36%
S Somalia
36%
T Tunisia
36%
B Bolivia
35%
C Cuba
35%
E Eritrea
35%
M Malawi
35%
M Maldives
35%
S South Sudan
35%
S Suriname
35%
G Guinea-Bissau
34%
K Kuwait
34%
L Laos
34%
L Lebanon
34%
L Liberia
34%
L Libya
34%
M Montenegro
34%
S Sri Lanka
34%
B Benin
33%
L Lesotho
33%
N Nicaragua
33%
N North Macedonia
33%
R Republic of the Congo
33%
A Armenia
32%
B Bahrain
32%
C Croatia
32%
C Cyprus
32%
E El Salvador
32%
E Equatorial Guinea
32%
M Mauritius
32%
T Turkmenistan
32%
A Albania
31%
N Namibia
31%
P Paraguay
31%
B Belarus
30%
B Bhutan
30%
G Gabon
30%
N New Zealand
30%
P Papua New Guinea
30%
S Serbia
30%
S Solomon Islands
30%
T Togo
30%
C Costa Rica
29%
G Gambia
29%
P Panama
29%
S Singapore
29%
S Switzerland
29%
G Georgia
28%
S Slovakia
28%
B Bosnia and Herzegovina
27%
B Botswana
27%
B Bulgaria
27%
M Mauritania
27%
S Slovenia
27%
M Moldova
26%
M Mongolia
26%
S Sierra Leone
26%
C Central African Republic
23%
No matching quizzes found
Score Distribution
Percent of People with Each Score
Percentile by Number Answered
Your Score History
You have not taken this quiz